إستقلال القضاء : (Record no. 14482)
[ view plain ]
| 000 -الفاتح | |
|---|---|
| حقل البيانات ثابتة الطول | 00937nam a22001937a 4500 |
| 008 - عناصر البيانات ثابتة الطول - معلومات عامة | |
| حقل البيانات ثابتة الطول | 100715s2000 xxu||||| |||| 00| 0 ara d |
| 020 ## - الرقم الدولى المعيارى للكتب | |
| الرقم الدولى المعيارى للكتاب | 9772090570 |
| 082 ## - رقم تصنيف ديوى العشرى | |
| رقم الطبعة | 22 |
| رقم التصنيف | 342.6207 |
| رقم المادة | ر ف ا |
| 100 1# - المدخل الرئيسى - إسم شخصى | |
| 9 (RLIN) | 16304 |
| الإسم الشخصى | الرفاعى ، يحيى |
| 245 ## - بيان العنوان | |
| العنوان | إستقلال القضاء : |
| بقية العنوان | ومحنة الانتخابات / |
| بيان المسئوليه,etc | يحيى الرفاعى ؛ رأى وتعقيب طارق البشرى ... [واخ .] |
| 260 ## - PUBLICATION, DISTRIBUTION, ETC. (IMPRINT) | |
| مكان الناشر او الموزع | القاهرة : |
| اسم الناشر او الموزع | المكتب الصري الحديث ، |
| تاريخ النشر أو التوزيع | 2000. |
| 300 ## - الوصف المادى | |
| التعداد | 322 ص ؛ |
| أبعاد الوعاء | 24 سم. |
| 490 ## - بيان السلسلة | |
| -- | 16305 |
| عنوان السلسلة | حديث الحقائق والوثائق |
| 541 ## - تبصرة المصدر المباشر للتزويد | |
| مصدر التزويد | ألف باء ؛ |
| طريقة التزويد | شراء ؛ |
| 650 ## - المدخل الاضافى بالموضوع-مصطلح موضوعى | |
| 9 (RLIN) | 16306 |
| مصطلح موضوعي أو اسم جغرافي كعنصر مدخل | قانون الانتخابات |
| التقسيم الفرعي الجغرافي | مصر |
| 700 ## - المدخل الاضافى - اسم شخصى | |
| 9 (RLIN) | 16307 |
| الإسم الشخصى | البشرى ، طارق |
| 942 ## - عناصر المدخل الإضافي( كوها) | |
| مصدر التصنيف او مخطط الترفيف | Dewey Decimal Classification |
| Koha [default] item type | Book - Borrowing |
| حالة التراجع | حالة الفقد | مصدر التصنيف او خطة الترفيف | حالة تلف | ليس للاعارة | مجموعات كوها | المكان الدائم | المكان الحالي | موقع الترفيف | تاريخ الاكتساب | Source of acquisition | رقم الاستدعاء | الباركود | Date last seen | نوع الوعاء |
|---|---|---|---|---|---|---|---|---|---|---|---|---|---|---|
| Dewey Decimal Classification | Alef-Baa | Central Library | Central Library | First floor | 15/07/2010 | 342.6207 ا ل ر | 000021050 | 15/07/2025 | Book - Borrowing |